000 00212nam a2200097Ia 4500
008 190216s9999||||xx |||||||||||||| ||und||
100 _aAravindaksha Menon C
245 0 _aVellamuyal
260 _bNull
942 _cBK
999 _c23979
_d23979